000 00385nam a2200133Ia 4500
005 20260326100034.0
008 260326s9999||||xx |||||||||||||| ||und||
100 _aBriceño Perozo, Mario
245 0 _aDocumentos para la Historia de la fundación de Caracas /
_cMario Briceño Perozo
260 _bArchivo General de la Nación
300 _a757 p.
650 _aURBANISMO
942 _cBK
999 _c6705
_d6705